000 01553nkm a2200349 i 4500
001 4162
003 ES-MaACL
005 20250713062937.0
007 khrbo
008 070629s1987 sp --- g |001||spa d
100 0 _aAlfonso,
_d1902-1990
_919858
245 1 0 _aPalestina en la literatura [
_hFotografía] /
_cAlfonso (sello).
260 _a[S.l. :
_bs.n.],
_c1987.
300 _a2 fot. :
_bb. y n. ;
_c12 x 18 cm.
490 1 _aDía Internacional de solidaridad con el pueblo palestino
500 _aDatos basados en invitación.
511 0 _aIntervienen: Javier Millán, Mohammed Abdallah Al-Geadi, Sergio Macías, Al Bayati, Esperanza Alonso; modera: Manuela Cortés.
518 _aActo organizado por el Ateneo de Madrid en colaboración con "Paz y Cooperación", celebrado en la sala de conferencias el martes, 1 de diciembre de 1987, a las 19:30 h.
600 1 4 _aMillán, Javier.
_981129
600 1 4 _aAl-Geadi, Mohamemed Abdallah.
_919048
600 1 4 _aMacías, Sergio.
_975215
600 1 4 _aAl-Bayati, Abd al-Wahhab.
_919045
600 1 4 _aAlonso, Esperanza.
_920201
600 1 4 _aCortés, Manuela.
_940869
610 2 4 _aAteneo de Madrid-
_xActos culturales-
_y1987-
_vFotografías.
_91902
710 2 _aAteneo de Madrid.
_91875
710 2 _aPaz y Cooperación (Asociación)
_96201
830 0 _aDía Internacional de solidaridad con el pueblo palestino
_9177017
852 _aES-MaACL
_jFOT 227/1987
856 4 _uhttp://www.ateneodemadrid.net/biblioteca_digital/imagenes/1987/0227-1987.jpg
_zVer imagen
999 _c4162
_d4162